Неоднозначность предсказаний общей теории относительности и релятивистская теория гравитации

Бібліографічні деталі
Автор: Логунов А. А. Анатолий Алексеевич
Співавтор: Московский государственный университет им. М. В. Ломоносова (МГУ)
Інші автори: Лоскутов Ю. М. Юрий Михайлович
Мова:Російська
Опубліковано: Москва, Изд-во МГУ, 1986
Предмети:
Формат: Книга
KOHA link:https://koha.lib.tpu.ru/cgi-bin/koha/opac-detail.pl?biblionumber=279992

MARC

LEADER 00000nam0a2200000 4500
001 279992
005 20231101235249.0
020 |a RU  |b 86-49907 
035 |a (RuTPU)RU\TPU\book\303300 
090 |a 279992 
100 |a 20141224d1986 k y0rusy5003 ca 
101 0 |a rus 
102 |a RU 
105 |a y z 001zy 
200 1 |a Неоднозначность предсказаний общей теории относительности и релятивистская теория гравитации  |f А. А. Логунов, Ю. М. Лоскутов  |g Московский государственный университет им. М. В. Ломоносова (МГУ) 
210 |a Москва  |c Изд-во МГУ  |d 1986 
215 |a 32 с. 
320 |a Библиогр.: с. 30-31 
606 1 |a Релятивистская физика  |2 stltpush  |3 (RuTPU)RU\TPU\subj\52451  |9 70884 
610 1 |a гравитация 
610 1 |a релятивистская теория 
610 1 |a гравитационные эффекты 
610 1 |a анализ 
675 |a 530.12  |v 4 
700 1 |a Логунов  |b А. А.  |g Анатолий Алексеевич 
701 1 |a Лоскутов  |b Ю. М.  |g Юрий Михайлович 
712 0 2 |a Московский государственный университет им. М. В. Ломоносова (МГУ)  |2 stltpush  |3 (RuTPU)RU\TPU\col\7 
801 0 |a RU  |b RuMRKP  |c 19950704  |g psbo 
801 1 |a RU  |b 63413507  |c 20141224 
801 2 |a RU  |b 63413507  |c 20170426  |g RCR 
942 |c BK